Postcards collection of the Terra-cotta Army/ (Record no. 606753)
[ view plain ]
| 000 -LEADER | |
|---|---|
| fixed length control field | 00385nam a22001337a 4500 |
| 082 ## - DEWEY DECIMAL CLASSIFICATION NUMBER | |
| Classification number | 495.1834 |
| Author Mark | POS |
| 100 ## - MAIN ENTRY--PERSONAL NAME | |
| Personal name | World Heritage Site of China |
| 245 ## - TITLE STATEMENT | |
| Title | Postcards collection of the Terra-cotta Army/ |
| Statement of responsibility, etc. | World Heritage Site of China |
| 260 ## - PUBLICATION, DISTRIBUTION, ETC. | |
| Place of publication, distribution, etc. | China: |
| Name of publisher, distributor, etc. | World Heritage Site of China; |
| Date of publication, distribution, etc. | - |
| 300 ## - PHYSICAL DESCRIPTION | |
| Extent | - |
| 563 ## - BINDING INFORMATION | |
| Binding note | PB |
| 650 ## - SUBJECT ADDED ENTRY--TOPICAL TERM | |
| Topical term or geographic name entry element | Postcards |
| 942 ## - ADDED ENTRY ELEMENTS (KOHA) | |
| Source of classification or shelving scheme | |
| Koha item type | Pictures |
| 650 ## - SUBJECT ADDED ENTRY--TOPICAL TERM | |
| -- | 118530 |
| Withdrawn status | Lost status | Source of classification or shelving scheme | Damaged status | Not for loan | Permanent Location | Current Location | Date acquired | Source of acquisition | Total Checkouts | Full call number | Barcode | Date last seen | Price effective from | Koha item type |
|---|---|---|---|---|---|---|---|---|---|---|---|---|---|---|
| Central Library (CL) | Central Library (CL) | 10/22/2023 | Donation | 495.1834 POS | CL-D-2484 | 10/22/2023 | 10/22/2023 | Pictures |
